[Event "Gibraltar Masters 16th"]
[Site "Caleta"]
[Date "2018.01.25"]
[Round "3"]
[White "Perez Ponsa, Federico"]
[Black "Nakamura, Hikaru"]
[Result "0-1"]
[WhiteElo "2553"]
[BlackElo "2781"]
[Annotator "Roiz,M"]
[PlyCount "106"]
[EventDate "2018.01.23"]
[EventType "swiss"]
[EventRounds "10"]
[EventCountry "GGB"]
[SourceTitle "CBM 183"]
[Source "ChessBase"]
[SourceDate "2018.03.14"]
[SourceVersion "1"]
[SourceVersionDate "2018.03.14"]
[SourceQuality "1"]

1. e4 c6 2. Nc3 d5 3. Nf3 Bg4 4. h3 Bxf3 5. Qxf3 e6 6. Be2 g6 {This move seems
dubious, even though it worked well in this game.} ({The more solid way of
handling the position is} 6... Bc5 7. O-O Nd7 (7... Ne7 8. Na4 Bd6 9. d4 dxe4
10. Qxe4 Nd7 11. Rd1 O-O 12. Qf3 Qa5 13. Nc3 $14 {1-0 (57) Vachier Lagrave,M 
(2796)-Mamedyarov,S (2800) Paris FRA 2017}) 8. exd5 (8. Na4 dxe4 9. Qxe4 Bd6
10. d4 Ngf6 11. Qf3 O-O $11) 8... exd5 9. Qg3 Bd4 10. d3 Ne7 11. Bf4 O-O $11 {
Stevic,H (2621)-Bodiroga,P (2399) Zadar 2010}) 7. O-O (7. d4 {seems more
precise, since later White didn't manage to build up such a solid pawn centre.
For instance,} Bg7 8. Be3 Nd7 (8... Nf6 9. O-O O-O 10. a4 Nbd7 11. Rfd1 Qa5 12.
Bf1 Kh8 13. Bc1 e5 14. dxe5 Nxe5 15. Qe2 dxe4 16. Nxe4 Nxe4 17. Qxe4 $14 {
1-0 (72) Azarov,S (2648)-Andreikin,D (2705) Rogaska Slatina SLO 2011}) 9. exd5
exd5 10. O-O-O Nf8 11. g4 Ne6 12. Qg3 $14 {Jones,G (2624)-Ipatov,A (2591)
Germany 2012}) 7... Bg7 8. Rd1 $146 ({A move deserving serious attention was} 
8. d4 $5 {, intending to meet} Bxd4 $6 {with} 9. Rd1 Bg7 10. exd5 cxd5 11. Nxd5
$1 {with a powerful attack.}) ({The previously played} 8. d3 Nd7 9. Qg3 Ne7 10.
Bd2 O-O 11. Qh4 f5 $132 {was fine for Black in Jones,G (2575)-Ivanchuk,V (2764)
Warsaw POL 2010}) 8... d4 $1 9. Nb1 Ne7 {In the resulting closed position
White can hardly benefit from having the bishop pair.} 10. d3 c5 11. a4 {
Securing the c4-spot for the knight is a typical measure for the KID.} Nbc6 12.
Na3 O-O 13. Qg3 a6 14. Bf4 {Provoking the e6-e5 advance makes little sense
here.} ({It was worth considering} 14. h4 $5 h5 15. Bg5 Kh7 16. Qh3 $132) 14...
e5 15. Bd2 Rb8 16. Rf1 $6 {White is playing rather slowly, so Hikaru manages
to make significant progress on the queenside.} ({The more challenging way of
handling the position was} 16. h4 $1 h5 17. f4 f5 18. Rf1 $132 {keeping the
situation tense.}) 16... b5 17. axb5 axb5 18. f4 Bh6 {The exchange of the
bishops is a part of Black's strategic plan.} ({However,} 18... f5 $1 {was
more energetic!} 19. fxe5 Bxe5 20. Qh4 Qd6 $15) 19. Qh4 $6 {Wasting an
important tempo.} ({It was the right moment for re-locating the knight:} 19.
Nb1 $1 Bxf4 20. Bxf4 exf4 21. Qxf4 f6 22. Nd2 Ne5 23. Nf3 N7c6 24. Nxe5 Nxe5
25. Ra6 $11 {The activity of White's pieces would allow White to maintain the
balance.}) 19... Bxf4 20. Bxf4 exf4 21. Rxf4 $2 {Letting Black perfectly
regroup his forces.} (21. Qxf4 f6 22. Nb1 Nb4 23. c3 Nbc6 $15) 21... Ne5 $17 {
Now Black is firmly in control - White lacks any counterplay.} 22. Raf1 N7c6
23. Qf2 $2 {This is already a decisive mistake.} (23. Qh6 f6 24. R4f2 b4 25.
Nb1 b3 26. c3 {White's position would be difficult, but still playable.}) 23...
b4 $1 24. Nb1 b3 25. c4 {The most stubborn} (25. c3 Ra8 26. cxd4 Nxd4 $19 {
was completely hopeless.}) 25... Nb4 {Now Black's knights are dominating over
the board.} 26. Qg3 f6 ({A simpler way was} 26... Ra8 $1 27. Nd2 Ra2 28. Rb1
Qb8 $1 $19 {and the Pd3 falls.}) 27. Kh2 (27. Nd2 {was better, though after}
Qd6 28. R4f2 Kg7 29. Nf3 Nxf3+ 30. Rxf3 Qxg3 31. Rxg3 Ra8 {Black still should
be able to convert his positional advantage into a full point.}) 27... Qd6 28.
Na3 Nc2 29. Nb5 {The Nb5 is only visually nice - it is rather useless.} Qe7 30.
R4f2 Ra8 31. Rb1 Ne3 32. Na3 {White manages to lock the a-file, but it doesn't
solve all his problems.} Rf7 33. Re1 Kh8 {Hikaru isn't in a rush!} 34. Bf1 Re8
35. Nb1 f5 $1 {A decisive break. Now White's position is collapsing.} 36. Nd2
Qc7 37. Kg1 f4 {Not the only, but the most effective way - White is almost
paralysed now.} 38. Qh4 Ref8 39. Be2 ({Or} 39. Nf3 Nxf3+ 40. Rxf3 Qe5 41. Ra1
Kg7 {and White can do nothing with the coming storm of Black's kingside pawns.}
) 39... Qa5 40. Qg5 Qxd2 41. Qxe5+ Kg8 {The loss of material is unavoidable.
The rest was easy.} 42. Rb1 Qc2 43. Rbf1 Nxf1 44. Bxf1 Qc1 45. Qxc5 f3 46. g3
Qe3 47. Qd5 h5 48. h4 Kh7 49. Qg5 Ra7 50. Qc5 Ra1 51. Qe7+ Kg8 52. Qe6+ Kg7 53.
Qe7+ Rf7 0-1

[Event "Gibraltar Masters playoff 16th"]
[Site "Caleta"]
[Date "2018.02.01"]
[Round "1.3"]
[White "Vachier Lagrave, Maxime"]
[Black "Nakamura, Hikaru"]
[Result "1-0"]
[WhiteElo "2793"]
[BlackElo "2781"]
[Annotator "Gupta,A"]
[PlyCount "97"]
[EventDate "2018.02.01"]
[EventType "k.o. (rapid)"]
[EventRounds "2"]
[EventCountry "GGB"]
[SourceTitle "CBM 183"]
[Source "ChessBase"]
[SourceDate "2018.03.14"]
[SourceVersion "1"]
[SourceVersionDate "2018.03.14"]
[SourceQuality "1"]

{After 2 draws in the rapid sections we have a blitz. Hikaru is always a
favourite in blitz against anybody but MVL is also always tricky so all in all
an exciting matchup.} 1. e4 e5 2. Nf3 Nc6 3. Bb5 Nf6 4. O-O Nxe4 5. d4 Nd6 6.
Bxc6 dxc6 7. dxe5 Nf5 8. Qxd8+ Kxd8 {Where would this chess world be without
this beautiful endgame?! :P} 9. h3 Ke8 10. Nc3 h5 11. Rd1 Be7 12. Ne2 Be6 13.
Nf4 Bc8 14. Ne2 Be6 15. b3 a5 16. a4 Rd8 {So far it's pretty normal.} 17. Bg5
$6 Bd5 $1 {Hikaru is as sharp as ever} 18. Bxe7 Kxe7 $15 19. Nfd4 Be4 20. Rac1
Nxd4 21. Nxd4 Rd5 (21... c5 $142 22. Re1 (22. Nb5 Rxd1+ 23. Rxd1 Bxc2 24. Rc1
Bxb3 25. Rxc5 Rd8 $17) 22... Rxd4 23. c3 Rd2 24. Rxe4 Rhd8 {White is going to
suffer for a long time here.}) 22. c4 Rd7 23. Ne2 Rxd1+ (23... Rhd8 {
Personally I like this move more. It just tightens the screws for White and
here MVL wouldn't have any active counterplay but objectively the move played
by Hikaru is no worse either.} 24. Re1 Bf5 $17 {[%cal Gd7d3]}) 24. Rxd1 Bc2 25.
Rc1 Bxb3 26. Nd4 Bxa4 (26... Ba2 27. Rc2 Bb1 28. Rb2 Rd8 $1 29. Nxc6+ bxc6 30.
Rxb1 Rd4 31. Rb7 Rxc4 32. Rxc7+ Ke6 33. g3 g5 34. f4 $1 gxf4 35. gxf4 {White
should be able to hold this.}) 27. Ra1 c5 28. Nf5+ Ke6 29. Nxg7+ Kxe5 30. Rxa4
Ra8 $2 (30... b6 $3 {[%cal Ge5f6] Not very simple but very effective, Black is
almost winning after this:} 31. g4 (31. Ra3 Kf6 32. Rg3 h4) 31... hxg4 32. hxg4
Kd4 33. Nf5+ Kc3 $17) 31. Nxh5 c6 32. Kf1 b5 33. Ra1 $2 (33. f4+ $1 Kf5 (33...
Kd4 $2 34. cxb5+) 34. g4+ Kg6 {Now the king is a bit further away from the
queenside.}) 33... Kd4 34. Nf6 a4 35. cxb5 cxb5 36. Ke2 b4 37. h4 b3 38. Kd2 a3
(38... c4 {This would have clinched it.}) 39. Rd1 a2 $2 (39... c4 40. Kc1+ Kc5
41. Ne4+ Kb4 42. g4 Rg8 43. g5 Rh8 {Black is simply winning here.}) 40. Kc1+
Kc3 $2 {After a series of mistakes from both players Black still had a draw:} (
40... Ke5 41. Nd7+ Kf5 42. Kb2 c4 43. Nc5 c3+ 44. Kxb3 a1=Q 45. Rxa1 Rxa1 46.
Kxc3 Ra2 47. Nd3 $11) 41. Nd5+ Kc4 42. Kb2 Re8 43. Ne3+ Kb4 44. Rd7 $2 (44. h5)
44... c4 45. Rd4 Ra8 $4 (45... Kb5 $11) 46. Rxc4+ Kb5 47. Rc1 Kb4 48. Nd5+ Ka5
49. Kxb3 {After such a topsy-turny game Hikaru couldn't recover and managed to
lose the match quite convincingly in the end.} 1-0

[Event "Paris GCT blitz"]
[Site "Paris"]
[Date "2018.06.24"]
[Round "17"]
[White "Mamedyarov, Shakhriyar"]
[Black "Nakamura, Hikaru"]
[Result "0-1"]
[WhiteElo "2808"]
[BlackElo "2769"]
[Annotator "Yermolinsky,A"]
[PlyCount "66"]
[EventDate "2018.06.23"]
[EventType "tourn (blitz)"]
[EventRounds "18"]
[EventCountry "FRA"]
[EventCategory "22"]
[SourceTitle "CBM 185"]
[Source "ChessBase"]
[SourceDate "2018.07.13"]
[SourceVersion "1"]
[SourceVersionDate "2018.07.13"]
[SourceQuality "1"]

1. d4 Nf6 2. Nf3 e6 3. e3 c5 4. Bd3 d5 5. b3 Nc6 6. O-O Be7 7. Bb2 O-O 8. Nbd2
b6 9. a3 Bb7 10. Qe2 Qc7 11. Rac1 Rac8 12. c4 dxc4 13. bxc4 cxd4 14. exd4 Rfe8
15. Rfe1 Qb8 16. Ne4 Na5 17. Neg5 {Rather a scary spot when you sit across the
board from Shakh.} Qf4 $5 {No fear.} ({No chickening out with} 17... Bxf3 18.
Qxf3 h6 19. Ne4 $16) 18. Nxe6 fxe6 ({Both players missed a fantastic rejoinder
} 18... Qh6 $1 {but this is the stuff of silicon monsters:} 19. Neg5 Bd6 20.
Qc2 Bf4 {etc.}) 19. Qxe6+ Kh8 20. Ne5 {It's over, right?} Bf8 $1 {Not so fast.}
21. Qh3 ({It turns out there's no smotherred mate after} 21. Nf7+ Kg8 22. Nh6+
Kh8 23. Qg8+ Nxg8 24. Nf7+ Qxf7 $1) 21... Kg8 {One would expect Mamedyarov to
finish the job, but he was in bad form in Paris.} 22. Nd7 $2 {Missing with the
shot!} (22. Bf5 Bd6 23. Nd3 Qg5 24. c5 Bf8 25. d5 {is what Shakh normally does
in his attacking games.}) 22... Ne4 $1 {A cobra-like strike.} 23. f3 Ng5 24.
Qh5 Re3 {Who's attacking who now?} 25. Ne5 Rxd3 26. Nxd3 Qf5 27. d5 (27. Qg4
Qxd3 28. Qxg5 Nxc4 {leaves White emply-handed.}) 27... Nxc4 28. Ba1 Bxd5 29.
Kh1 Rc6 30. Nf2 Qg6 31. Qg4 Ne3 32. Rxc6 Nxg4 {Vacuuming white pieces off the
board is a sure way to finish.} (32... Bxc6 {would have done it as well:} 33.
Qg3 Bd6 34. Be5 Bxe5 35. Qxe5 Nxf3 36. Qxe3 Nxe1) 33. Rxg6 Nxf2+ 0-1

[Event "Sinquefield Cup 6th"]
[Site "Saint Louis"]
[Date "2018.08.22"]
[Round "5"]
[White "Nakamura, Hikaru"]
[Black "Mamedyarov, Shakhriyar"]
[Result "1/2-1/2"]
[WhiteElo "2777"]
[BlackElo "2801"]
[Annotator "Marin,M"]
[PlyCount "103"]
[EventDate "2018.08.18"]
[EventType "tourn"]
[EventRounds "9"]
[EventCountry "USA"]
[EventCategory "22"]
[SourceTitle "CBM 186"]
[Source "ChessBase"]
[SourceDate "2018.09.14"]
[SourceVersion "1"]
[SourceVersionDate "2018.09.14"]
[SourceQuality "1"]

1. d4 d5 2. c4 e6 3. Nf3 c5 4. cxd5 exd5 5. g3 Nc6 6. Bg2 Nf6 7. O-O Be7 8. Nc3
O-O {The Tarrasch Defence is a rare guest in grandmasters' games nowadays.} 9.
h3 $5 {I happened to see this move in a game played in one of my numerous
tournaments in Spain, decades ago. My first feeling was that this was a clear
lack of understanding. White wastes a tempo and weakens his kingside at the
same time. Since Nakamura had already played it previously (true, in online
blitz), I will have to take into account that the last move has some meaning,
even though I do not understand it. True, it prevents ...Bg4, but Black can
build up his counterplay in other ways, too.} Ne4 ({My first question would be
what if Black plays the neutral} 9... Re8 {Nakamura's answer in the blitz game
does not look too convincing:} 10. b3 ({This is not an improvement over the 9.
b3 line, which is considered to lead to forced equality anyway. But if} 10. Be3
c4 {the situation remains the same.}) (10. Bg5 {may be stronger, when after
the usual exchange on d4 missing ...Bg4 may be unpleasant for Black. But after}
c4 {Black's ...Re8 looks more useful than h2-h3.}) 10... Ne4 11. Bb2 Bf6 12. e3
(12. Na4 b6) 12... cxd4 13. exd4 Bf5 14. Kh2 Nxc3 15. Bxc3 Be4 {0-1 (62)
Nakamura,H (2651)-Petrosian,T (2592) ICC INT 2007}) (9... c4 $6 {is premature,
though:} 10. Ne5 Be6 11. f4 {For once, it is good that White has not exposed
his bishop with Bg5.} Qc8 {Meyer,K (2153)-Casagrande,T (1951) Schoeneck 2017 
(1-0, 41)} 12. g4 $1 Nxd4 {Otherwise Black would be simply worse.} 13. f5 Bd6 (
13... Bd7 14. g5 $18) 14. Be3 Bxe5 15. Bxd4 Bxd4+ 16. Qxd4 Bd7 17. g5 Nh5 18.
Nxd5 $14) (9... Be6 10. Be3 c4 (10... cxd4 11. Nxd4 Qd7 12. Kh2 {is pleasant
for White as the e6-bishop is passive and exposed at the same time.}) 11. Ne5
Qb6 12. Qd2 Rad8 13. Rad1 Qc7 14. Bf4 Qc8 15. g4 {Toth,E (2392)-Halkias,S 
(2570) Hungary 2010 (1-0, 64) with some light white pressure.}) 10. dxc5 Bxc5 {
Abstractly it is good to delay the exchange on c3, as this offers White some
additional possibilities at an early stage.} (10... Nxc3 11. bxc3 Bxc5 12. Nd4
(12. Rb1 $5) 12... Bxd4 13. cxd4 Bf5 14. g4 (14. Be3 {½-½ Ilic,D (2376)
-Brenjo,S (2522) Kragujevac 2012} Re8) 14... Bg6 15. Bf4 $14) 11. Bf4 $146 {
A logical move, defending g3 and making the threat Nxd5 real.} (11. Nxd5 $6
Nxg3 $1) (11. Qxd5 $4 Nxc3 12. Qxd8 Nxe2+ 13. Kh2 Rxd8 $19) (11. Na4 {Bogdan,D
(2410)-Dupsky,L (2260) Szeged 1998 (½-½, 54)} Be7 12. Be3 Re8 $11) 11... Nxc3
12. bxc3 Bf5 $11 {In this type of structure the mutual pawn weaknesses
compensate for each other, on condition that none of the players has an
advance in development.} 13. Nd2 {Fighting against ...Be4.} (13. Nd4 Be4 $5)
13... Re8 ({The resolute} 13... g5 $5 {causes White some concrete problems at
the cost of weakening the kingside.} 14. Nb3 Bb6 15. Be3 (15. Bc1 h6 $11) 15...
Bxe3 16. fxe3 Bg6 17. Qxd5 Qe7 $44) 14. g4 {Preparing the next move.} Bg6 15.
e3 Bb6 16. Qb3 Re7 {Defending the d5-pawn indirectly.} 17. Rfd1 (17. Bxd5 {
offers Black excellent compensation:} Na5 18. Qb5 a6 19. Qb4 Qxd5 20. Qxb6 Nc6
21. Rfd1 (21. Nb3 Qf3 $36 22. Nd2 $8 Qxh3 23. f3 Rae8) 21... Bc2 22. Rdc1 Bg6
$11) 17... Rd7 18. a4 Rc8 19. Rac1 {Black has completed his development
harmoniously and his central pawn is well defended.} h6 (19... h5 {was
slightly more ambitious.}) 20. Qa2 Bc7 (20... Bd3 $5 $11 {deserves mentioning,
with the idea that any knight move could be answered with ...Bc4 or ...Be4.})
21. Nb3 b6 $5 {Restricting White's knight.} (21... Qf6 $5 {[%csl Gf4] also
looks okay for Black.} 22. Bxc7 Rdxc7 23. Bxd5 (23. Rxd5 $2 Nb4 $1) 23... Qh4
24. Bg2 h5 25. Qe2 hxg4 26. Qxg4 Qxg4 27. hxg4 Ne5 $11) 22. Qd2 (22. Nd4 {
leads nowhere after} Na5) 22... f5 {This is not a mistake, but Black was not
really forced to weaken his kingside.} (22... Ne5 $5 {[%cal Ge5d3]} 23. Bxe5 (
23. Qe2 Be4 $15) 23... Bxe5 24. f4 {The only way to justify the previous.} Bd6
25. f5 Bh7 26. Bxd5 {White has won a pawn and sent the black light-squared
bishop to a passive square. But his dark squares are so weak that he cannot
maintain the bishop's isolation.} Qg5 27. Qf2 g6 $36) 23. c4 $5 {The game
becomes interesting now.} Bxf4 24. exf4 d4 25. Bd5+ Bf7 26. Qe2 ({White is not
content with the simple equality after} 26. Nxd4 Nxd4 27. Qxd4 Bxd5 28. cxd5
Rxc1 29. Rxc1 Rxd5 $11) 26... fxg4 27. hxg4 Qf6 28. Qf3 ({The seemingly active
} 28. f5 {would just expose the kingside.} Rcd8 29. Bxf7+ Rxf7 $17 {[%cal
Gc6e5,Gg7g6,Gh6h5]}) 28... Rdd8 29. Nd2 ({Once again avoiding approximate
equality after a half waiting move such as} 29. Rd3 $5 $11) 29... Rf8 $2 {
This hands over the initiative to White.} ({After White has released the
pressure on d4} 29... Nb4 {made sense:} 30. Ne4 Qe7 31. Bxf7+ Qxf7 32. f5 d3
$13) 30. Ne4 Qe7 31. Ng3 ({Black's compensation for the pawn is not obvious
after} 31. Bxc6 Rxc6 32. Rxd4 {but the game continuation is more principled as
it does not make any concession yet.}) 31... Qf6 32. Ne4 Qe7 33. Ng3 Qf6 34.
Nf5 $14 {[%cal Yf3c6,Rd5c6,Gf5e7] Threatening to win a piece by a double
capture on c6 followed by Ne7+/ and putting some unpleasant kingside pressure
in general.} Kh8 35. Bxf7 Rxf7 36. c5 Rcc7 $6 {Adhiban,B (2655)-Mamedyarov,S 
(2804) Tata Steel-A 80th 2018 (6) 0-1 This only weakens the eighth rank. It
seems that Mamedyarov enjoys the double rook lift to the seventh rank, even
when this is not good objectively. Compare with} ({But even after the more
natural} 36... Rff8 {White retains an edge with} 37. cxb6 axb6 38. Kg2 $14) 37.
cxb6 axb6 38. Re1 Rf8 39. Qe4 $6 {This allows Black to simplify to a draw.} ({
White should have ensured the knight's stability on f5 with} 39. Kg2 $1 {
, threatening Nxd4 at the same time.} Rcc8 (39... g6 40. Rh1 $16 gxf5 41. g5
$18 {[%csl Gc6][%cal Gh1h6]}) 40. Qe4 $16 {maintaining the domination.}) 39...
g6 $1 40. Nxd4 (40. Nxh6 Re7 41. Qf3 Qxf4 $1 $11) 40... Qxd4 41. Qxd4+ Nxd4 42.
Rxc7 Nf3+ {We can now understand that with the king on f3 this would not have
worked.} 43. Kf1 Nxe1 44. Kxe1 Rxf4 45. Rc6 Kg7 46. Rxb6 Rxa4 47. f3 g5 48.
Rb7+ Kg6 49. Rb6+ Kg7 50. Rb7+ Kg6 51. Rb6+ Kg7 52. Rb7+ 1/2-1/2